01287nam a2200349Ia 4500001001200000003000800012006001900020007001500039008004100054010001700095020001500112020001800127040002100145035002100166050002200187100004100209245006600250260005300316300001100369490002700380500002000407504002800427533015200455651003200607651004300639651003800682655002900720710001700749830002800766856012600794999001700920ebr10256033CaPaEBRm u cr cn|||||||||831109s1984 wiu sb s001 0 eng d z 83040261  z0299097307 z9780299097301 aCaPaEBRcCaPaEBR a(OCoLC)29495567914aDD417b.C7 1984eb1 aCraig, Gordon Alexander,d1913-2005.14aThe end of Prussiah[electronic resource] /cGordon A. Craig. aMadison :bUniversity of Wisconsin Press,c1984. a102 p.1 aCurti lectures ;v1982 aIncludes index. aBibliography: p. 95-97. aElectronic reproduction.bPalo Alto, Calif. :cebrary,d2011.nAvailable via World Wide Web.nAccess may be limited to ebrary affiliated libraries. 0aPrussia (Germany)xHistory. 0aPrussia (Germany)xHistoryy1789-1900. 0aPrussia (Germany)xHistoryy1870- 7aElectronic books.2local2 aebrary, Inc. 0aCurti lectures ;v1982.40uhttp://site.ebrary.com/lib/rucke/Doc?id=10256033zAn electronic book accessible through the World Wide Web; click to view c14423d14423